000 00678nam a2200229 u 4500
005 20230316063559.0
008 120201s2006 r 000 0 eng d
020 _a9802572861
035 _aUPN01000183227
049 _aI
050 4 _aPZ10.3
_bL6.7 2006
100 1 _aLobel, Arnold,
_d1933-1987
_934039
245 1 0 _aSopa de ratón /
_cArnold Lobel ; tr. Brenda Bellorín.
250 _a3a ed.
260 _aCaracas :
_bEkaré,
_c2006.
300 _a62 p. :
_bil. col.
440 0 _aMis primeras lecturas
534 _pTítulo original:
_tMouse soup
650 0 _aAnimales
_vCuentos y leyendas
_9234
650 4 _aCuentos infantiles ingleses
_910002
905 _aInfantil
999 _c155330
_d155330